Name 100 Kpop Groups - Statistics

General Stats
  • This quiz has been taken 11,915 times
  • The average score is 26 of 100
Answer Stats
Answer % Correct
BTS
98%
EXO
84%
SNSD
75%
Big Bang
74%
Red Velvet
69%
Got7
68%
Seventeen
66%
Super Junior
66%
SHINee
65%
NCT
62%
2ne1
60%
Btob
52%
iKon
52%
2PM
50%
F(x)
50%
Mamamoo
48%
Monsta X
46%
4Minute
45%
Sistar
45%
AOA
44%
Apink
44%
2AM
43%
Gfriend
42%
Miss A
42%
TVXQ
42%
VIXX
40%
Winner
40%
Block B
39%
Day6
38%
T-Ara
38%
Infinite
37%
I.O.I.
37%
B.A.P.
35%
KARA
35%
Astro
34%
CLC
34%
Pentagon
34%
Beast
31%
EXID
31%
Girls Day
28%
After School
27%
Momoland
27%
Oh My Girl
24%
CNBlue
23%
K.A.R.D.
23%
Cosmic Girls
21%
SF9
21%
B1a4
20%
FT Island
19%
Lovelyz
19%
Shinhwa
19%
Teen Top
19%
Brown Eyed Girls
18%
Dreamcatcher
18%
S.E.S.
16%
U-Kiss
15%
Up10tion
14%
April
13%
Gugudan
13%
MBLAQ
13%
Victon
13%
AKMU
12%
Secret
12%
Brave Girls
11%
Crayon Pop
11%
DIA
10%
Rainbow
10%
VAV
10%
100%
9%
Fiestar
9%
KNK
9%
24k
8%
Epik High
8%
Hello Venus
8%
HotShot
8%
Ladies Code
8%
Dal Shabet
7%
History
7%
Nine Muses
7%
Sonamoo
7%
Topp Dogg
7%
SechSkies
6%
Stellar
6%
Boys Republic
4%
Davichi
4%
Rania
4%
SPEED
4%
MYNAME
3%
Snuper
3%
A-Jax
2%
Jewelry
2%
Romeo
2%
Vromance
2%
D.Holic
1%
MASC
1%
Tahiti
1%
Wanna.b
1%
Wassup
1%
Black Queen
0%
DGNA
0%
No matching quizzes found
Score Distribution
Percent of People with Each Score
Percentile by Number Answered
Your Score History
You have not taken this quiz